Equilibrium Thermodynamics: (Record no. 5528)
[ view plain ]
| 000 -LEADER | |
|---|---|
| fixed length control field | 00780pam a2200265 a 4500 |
| 001 - CONTROL NUMBER | |
| control field | 1389452 |
| 003 - CONTROL NUMBER IDENTIFIER | |
| control field | OSt |
| 005 - DATE AND TIME OF LATEST TRANSACTION | |
| control field | 20170213140055.0 |
| 008 - FIXED-LENGTH DATA ELEMENTS--GENERAL INFORMATION | |
| fixed length control field | 821220s1983 enka b 001 0 eng |
| 010 ## - LIBRARY OF CONGRESS CONTROL NUMBER | |
| LC control number | 82023634 |
| 020 ## - INTERNATIONAL STANDARD BOOK NUMBER | |
| International Standard Book Number | 0521274567 |
| 040 ## - CATALOGING SOURCE | |
| Transcribing agency | DDC |
| 082 00 - DEWEY DECIMAL CLASSIFICATION NUMBER | |
| Classification number | 536.7 ADK 1997 |
| 100 1# - MAIN ENTRY--PERSONAL NAME | |
| Personal name | Adkins,C.J; |
| 9 (RLIN) | 815 |
| 245 10 - TITLE STATEMENT | |
| Title | Equilibrium Thermodynamics: |
| 250 ## - EDITION STATEMENT | |
| Edition statement | 3rd ed. |
| 260 ## - PUBLICATION, DISTRIBUTION, ETC. (IMPRINT) | |
| Name of publisher, distributor, etc. | Cambridge University Press, |
| Date of publication, distribution, etc. | 1997 |
| Place of publication, distribution, etc. | Cambridge. |
| 300 ## - PHYSICAL DESCRIPTION | |
| Extent | xiii, 285 p. : |
| Other physical details | ill; |
| Dimensions | 24 cm. |
| 504 ## - BIBLIOGRAPHY, ETC. NOTE | |
| Bibliography, etc | Includes index & bibliography |
| 650 #0 - SUBJECT ADDED ENTRY--TOPICAL TERM | |
| Topical term or geographic name as entry element | Thermodynamics |
| 9 (RLIN) | 816 |
| 650 #0 - SUBJECT ADDED ENTRY--TOPICAL TERM | |
| Topical term or geographic name as entry element | Physics |
| 9 (RLIN) | 809 |
| 856 42 - ELECTRONIC LOCATION AND ACCESS | |
| Materials specified | Publisher description |
| Uniform Resource Identifier | <a href="http://www.loc.gov/catdir/description/cam022/82023634.html">http://www.loc.gov/catdir/description/cam022/82023634.html</a> |
| 906 ## - LOCAL DATA ELEMENT F, LDF (RLIN) | |
| a | 7 |
| b | cbc |
| c | orignew |
| d | 1 |
| e | ocip |
| f | 19 |
| g | y-gencatlg |
| 942 ## - ADDED ENTRY ELEMENTS (KOHA) | |
| Source of classification or shelving scheme | Other/Generic Classification Scheme |
| Koha item type | Open Shelf |
| Withdrawn status | Lost status | Source of classification or shelving scheme | Damaged status | Not for loan | Home library | Current library | Date acquired | Source of acquisition | Inventory number | Total Checkouts | Full call number | Barcode | Date last seen | Price effective from | Koha item type |
|---|---|---|---|---|---|---|---|---|---|---|---|---|---|---|---|
| Dewey Decimal Classification | MUST Main Library | MUST Main Library | 13/02/2017 | Purchase | 08/29553 | 536.7 ADK 1997 | 2017-0163 | 13/02/2017 | 13/02/2017 | Open Shelf | |||||
| Dewey Decimal Classification | MUST Main Library | MUST Main Library | 13/02/2017 | Purchase | 08/29552 | 536.7 ADK 1997 | 2017-0164 | 13/02/2017 | 13/02/2017 | Open Shelf | |||||
| Dewey Decimal Classification | MUST Main Library | MUST Main Library | Purchase | 04/22498 | 536.7 ADK 1983 | 2024-20743 | 18/06/2024 | Open Shelf |
